| 000 | 00890nam a2200217Ii 4500 | ||
|---|---|---|---|
| 003 | JO-AjNU | ||
| 008 | 230605s9999||||xx |||||||||||||| ||und|| | ||
| 017 | _a2006/1/91 | ||
| 040 |
_aJO-AjNU _bara _erda _cJO-AjNU |
||
| 041 | _aara | ||
| 050 | 1 | 4 | _aHV1626 .Z87 2006 |
| 100 | 3 |
_aالزريقات، إبراهيم عبد الله فرج, _eauthor _931458 |
|
| 245 | 0 | 0 | _aالإعاقة البصرية : المفاهيم الأساسية والاعتبارات التربوية = Visual impairment : basic concept and educational considerations |
| 250 | _aط1 | ||
| 264 | 3 | 1 | _aعمان: دار المسيرة للنشر والتوزيع، 2006 |
| 300 |
_a383ص _bيحتوي على ببلوغرافية من 375-383ص |
||
| 336 |
_atext _btxt _2rdacontent |
||
| 337 |
_aunmediated _bn _2rdamedia |
||
| 338 |
_avolume _bnc _2rdacarrier |
||
| 650 | 4 |
_aالمعوقون - تعليم _931459 |
|
| 999 |
_aA12585 _c16153 _d16153 |
||